000 03135nas a2200229 454500
001 18699
005 20260407193505.0
008 260407s1982####ag###########|||spa#d
003 AR-UNSa-BCEJYS
040 _aAR-UNSa-BCEJYS
_bspa
_cAR-UNSa-BCEJYS
080 _a311.3
_xOrganización general de las estadisticas. Estadística oficial
245 1 0 _aEncuesta de sociedades anónimas
_presultados económico-financieros
264 1 _aBuenos Aires :
_bINDEC
_c1982
310 _aFrecuencia: Trimestral
505 _aUno de los operativos planteados, cuyos resultados se presentan aquí, consiste en una encuesta trimestral con propositos múltiples a empresas, donde cada relevamiento está compuesto por una sección fija de datos contables, marco de referencia necesario para hacer consistente y desarrollar la sección variable (a implementar en la nueva serie), que se referira a expectativas de producción o ventas, inversion, etc., y brindara información acerca de los mercados de la tecnologia, de bienes de capital, financieros, etc..Es decir, trata de reunir datos ex-ante y ex-post relativos a las actividades de la unidad empresa sobre la base de las memorias y balances que describen los objetivos cualitativos y la sintesis economico-financiera de un periodo. Como el análisis de centrara en la remuneración de los factores, la inversión y su financiamiento, los niveles de endeudamiento y rentabilidad, la estructura del patrimonio y el stock de capital por sectores de actividad, se recurrio como se dijo a subdivisiones basadas en el criterio institucional, que preservan la integridad de las empresas como unidades juridicas y economicas de desición. En consecuencia, la necesidad de encontrar una unidad de observación que resuma la integración de las distintas variables y con una participación relevante dentro de la actividad economica, nos lleva al estudio de la empresa organizada juridicamente como sociedad anonima. Los resultados censales tambien muestran la necesidad de cuantificar en forma permanente el universo de este tipo de sociedades. Ello permitira asimismo, contar con un marco muestral. De acuerdo a este objetivo, se propuso conformar un registro nacional de sociedades anonimas. Hasta completar este registro, los resultados de la muestra solo tendrian representatividad a nivel nacional para los sectores industria manofacturera, construcción y mineria. En una etapa posterior, seria muy util obtener representatividad provincial, por lo menos para quellos sectores en que ello se justifique (incluyendo en este caso empresas que, aunque no esten juridicamente organizadas como sociedades anonimas, se destaquen por su nivel de actividad). Otro objetivo que esta presente en poder medir la remuneración de los factores como paso a calculo del ingreso provincial.
942 _cSER
590 _aniveau_biblio:s niveau_hierar:1
100 1 _aInstituto Nacional de Estadística y Censos (INDEC)
650 _aEMPRESAS
650 _aSOCIEDADES COMERCIALES
856 4 1 _uhttps://biblioeco.unsa.edu.ar/pmb/images/revistas/encuestas de sociedades anonimas.jpg
_yImagen de portada
_qimage/jpeg
999 _c8504
_d8504